000 00347nam a2200145 i 4500
001 bg
100 1 _aKELLY, A.
245 0 _aCrystallography and crystal detects /
_cA. Kelly, G.W. Groves.
260 _aLondon,
_c1970.
700 1 _aGROVES, G. W.
040 _cBPK
041 _apol
942 _cKS
008 s pl f |000 0 pol
999 _c26206
_d26206
856 _uhttp://koha.tu.koszalin.pl/cgi-bin/koha/opac-detail.pl?biblionumber=26206
_yKatalog online BPK